Predajné stratégie v maloobchode bakalárska práca

Salvato in:
Dettagli Bibliografici
Autore principale: Ružičková, Mária
Ente Autore: Podnikovohospodárska fakulta EU so sídlom v Košiciach. Katedra kvantitatívnych metód
Altri autori: Coroničová Hurajová, Jana, 1986-
Natura: Libro
Lingua:slovacco
Pubblicazione: Košice 2017
Tags: Aggiungi Tag
Nessun Tag, puoi essere il primo ad aggiungerne!!

MARC

LEADER 00000nbm a2200000 4500
001 0256352
005 20190920110237.3
041 0 |a slo 
044 |a SK 
245 1 0 |a Predajné stratégie v maloobchode  |b bakalárska práca  |c Mária Ružičková ; školiteľ: Jana Coroničová Hurajová 
264 1 |a Košice  |c 2017 
300 |a 39 s. 
100 1 |a Ružičková, Mária 
700 1 |a Coroničová Hurajová, Jana, 1986- 
710 2 |a Podnikovohospodárska fakulta EU so sídlom v Košiciach. Katedra kvantitatívnych metód